DSM-III training guide for use with the American Psychiatric Association's Diagnostic and statistical manual of mental disorders (third edition) / (Record no. 7973)

MARC details
000 -LEADER
fixed length control field 00949cam a2200205 a 4500
020 ## - INTERNATIONAL STANDARD BOOK NUMBER
ISBN 0876302797
020 ## - INTERNATIONAL STANDARD BOOK NUMBER
ISBN 0876302932 (pbk.)
050 10 - CALL NUMBER
Classification number RC455.2.C4
Item number D75
245 00 - TITLE
Title DSM-III training guide for use with the American Psychiatric Association's Diagnostic and statistical manual of mental disorders (third edition) /
Statement of responsibility, etc editors, Linda J. Webb ... [et al.] (Office of Continuing Education, Texas Department of Mental Health and Mental Retardation, Texas Research Institute of Mental Sciences).
260 ## - PUBLICATION INFORMATION
Place of publication New York :
Name of publisher Brunner/Mazel,
Year of publication c1981.
300 ## - DESCRIPTION
Number of Pages xvii, 158 p. ;
Dimensions 23 cm.
650 #0 - SUBJECTS
Topical Term Mental illness
General subdivision Classification.
650 #0 - SUBJECTS
Topical Term Psychology, Pathological
General subdivision Diagnosis.
650 #2 - SUBJECTS
Topical Term Mental disorders
General subdivision Classification.
650 #2 - SUBJECTS
Topical Term Psychiatry
General subdivision Nomenclature.
700 1# - OTHER AUTHORS
Personal name Webb, Linda J.
710 2# - OTHER AUTHORS
OTHER AUTHORS Texas Research Institute of Mental Sciences.
730 0# - OTHER AUTHORS
OTHER AUTHORS Diagnostic and statistical manual of mental disorders.
942 ## - ADDED ENTRY ELEMENTS (KOHA)
Koha item type Books
Holdings
Withdrawn status Lost status Home library Current library Date acquired Full call number Accession Number Koha item type
    Methodist University Library Wenchi Nursing Methodist University Library Wenchi Nursing 21/10/2021 RC455.2.C4 D75 1826 Books
Copyright © 2026  MUG Library